Mixed Word: Over the Rainbow Quiz Stats

 Plays Quiz Updated Jan 13, 2012

Support Sporcle.
Go Orange.
Score 0/24 Timer 03:00
0 Plays Today
% Correct
Pumpkin
98.2%
Rose
97.2%
Sky
97.1%
Frog
95.8%
Banana
94.9%
Fire Truck
93.7%
Lemon
92.9%
Jean
92.5%
Stop Sign
91.5%
Cherry
91%
Grass
91%
Grape
89.1%
% Correct
Goldfish
85.6%
Smurf
81.8%
Sunflower
79.3%
Carrot
77.3%
Traffic Cone
72.1%
Ocean
66.7%
Broccoli
58%
Barney
46.4%
Pacman
44.7%
Lavender
41.4%
Eggplant
38.5%
Emerald
30.2%

From the Vault

Pixar Voice Multiple Choice

by LTH

When in doubt, go with John Ratzenberger.
Remove Ads.
Support Sporcle.
Get the best of Sporcle when you Go Orange. This ad-free experience offers more features, more stats, and more fun while also helping to support Sporcle. Thank you for becoming a member.

Show Comments

Extras

Top Quizzes Today


Score Distribution

Your Account Isn't Verified!

In order to create a playlist on Sporcle, you need to verify the email address you used during registration. Go to your Sporcle Settings to finish the process.

Report this User

Report this user for behavior that violates our Community Guidelines.

Details: